La famiglia al tempo della crisi. (Record n. 209885)
[ formato base ]
| 000 -LEADER | |
|---|---|
| campo di controllo lung. fissa | 01709nam a2200241Ia 4500 |
| 001 - Numero di controllo | |
| campo di controllo | B7093-52321 |
| 003 - Identificatore del numero di controllo | |
| campo di controllo | IT-MiCISF |
| 005 - Data e orario dell'ultima transazione | |
| campo di controllo | 20250212125849.0 |
| 008 - Elementi di lunghezza fissa--Informazione generale | |
| campo di controllo lung. fissa | 161014s9999||||xx |||||||||||||| ||und|| |
| 040 ## - Fonte della catalogazione | |
| Agenzia catalografica originale | IT-MiCISF |
| Agenzia che fa la trascrizione | IT-MiCISF |
| 041 ## - Codice di lingua | |
| Codice di lingua del testo/traccia sonora o titolo separato | it |
| 100 ## - Accesso principale -- nome di persona | |
| Nome di persona | Forum ANIA consumatori - Università degli Studi di Milano |
| 9 (RLIN) | 57542 |
| 245 #0 - Formulazione del titolo | |
| Titolo | La famiglia al tempo della crisi. |
| Complemento del titolo | Tra vulnerabilità economica e nuove forme di tutela |
| 260 ## - Pubblicazione, distribuzione, ecc. (stampa) | |
| Luogo di pubblicazione, distribuzione, ecc. | Milano, |
| Nome dell'editore, distributore, ecc. | Franco Angeli, |
| Data di pubblicazione, distribuzione, ecc. | 2014 |
| 300 ## - Descrizione fisica | |
| Estensione | pp. 183 |
| 500 ## - Nota generale | |
| Nota generale | famiglia, stratificazione-sociale, politiche-sociali, territorio, esperienze |
| 520 ## - Riassunto, ecc. | |
| Nota di riassunto, ecc. | Crisi economica, crisi del welfare e contrazione dei redditi: un mix di fattori che rende le famiglie sempre più esposte a shock di varia natura, che ne possono compromettere la stabilità finanziaria. Il secondo monitoraggio sulla vulnerabilità economica delle famiglie italiane, condotto dall'Università degli Studi di Milano per il Forum ANIA - Consumatori, descrive l'evoluzione dell'"Indice di vulnerabilità" ed evidenzia i principali fattori di rischio, fornendo un quadro oggettivo e misurabile dei cambiamenti in atto nella nostra società.Inoltre, all'interno del volume vengono approfondite le cause, i sintomi, le caratteristiche della vulnerabilità, che sempre più tocca le famiglie del cosiddetto ceto medio, con particolare attenzione alle politiche innovative in termini di concreta integrazione tra pubblico e privato, che rispondono in maniera più efficace ai bisogni sociali rispetto alle alternative esistenti. |
| 650 ## - Accesso aggiunto di soggetto--termine topico | |
| Termine topico o nome geografico come accesso | famiglia |
| 654 ## - Accesso aggiunto di soggetto--termini topici faccettati | |
| Termine principale | saggio |
| 700 ## - Accesso aggiunto--nome di persona | |
| Nome di persona | Anderloni L., Vandone D., Maino F., Benzi E.B. |
| 9 (RLIN) | 61496 |
| 942 ## - Dati aggiuntivi (Koha) | |
| Tipo copia default (Koha) | LIBRO |
| Fonte della classificazione o dello schema di collocazione (segnatura) | Dewey Decimal Classification |
| 999 ## - Sys Number locale (Koha) | |
| Koha Dewey Subclass [OBSOLETE] | si |
| Ritirato (status) | Perso (status) | Danneggiato (status) | Non per il presito | Biblioteca proprietaria | Biblioteca in cui si trova | Data d'acquisizione | Totale prestiti | Collocazione | Data ultima operazione | Prezzo in vigore dal | Tipo copia default (Koha) | Nota pubblica |
|---|---|---|---|---|---|---|---|---|---|---|---|---|
| Buone Condizioni | Not For Loan | CISF - Milano | CISF - Milano | 14/10/2016 | B7093-52321 | 14/10/2016 | 14/10/2016 | LIBRO | Data import 15.10.2016 / by Epidotti, Vaglietti |